[Event "CAN-op"]
[Site "Kitchener CAN"]
[Date "2006.07.23"]
[Round "9"]
[White "Bluvshtein, Mark"]
[Black "Gerzhoy, Leonid"]
[Result "0-1"]
[WhiteElo "2541"]
[BlackElo "2386"]
[PlyCount "116"]
[EventDate "2006.07.15"]
[EventType "swiss"]
[EventRounds "9"]
[EventCountry "CAN"]

1. e4 c5 2. Nf3 d6 3. d4 cxd4 4. Nxd4 Nc6 5. c4 Nf6 6. Nc3 Nxd4 7. Qxd4 g6 8.
Bg5 Bg7 9. Be2 O-O 10. O-O Be6 11. Qe3 Nd7 12. Rad1 f6 13. Bf4 Kh8 14. Nd5 Bxd5
15. cxd5 f5 16. exf5 gxf5 17. b3 Ne5 18. Rc1 Ng6 19. Bg5 Bf6 20. Bh5 e5 21. Bh6
Rg8 22. Rc2 f4 23. Qh3 Nh4 24. g3 Bg5 25. Bf7 Nf3+ 26. Kh1 Qf6 27. Bxg8 Rxg8
28. Bxg5 Nxg5 29. Qg4 Qf7 30. Rc8 Qxd5+ 31. f3 fxg3 32. Qxg5 g2+ 33. Qxg2 Rxc8
34. Rg1 Qf7 35. f4 Rg8 36. Qd2 Rxg1+ 37. Kxg1 Qxf4 38. Qxd6 Qd4+ 39. Qxd4 exd4
40. Kf2 Kg7 41. Kf3 Kf6 42. Ke4 Kg5 43. Kxd4 Kg4 44. Ke5 Kh3 45. Kd6 Kxh2 46.
Kc7 h5 47. Kxb7 h4 48. Kxa7 h3 49. b4 Kg3 50. b5 h2 51. b6 h1=Q 52. b7 Qg1+ 53.
Ka6 Qf1+ 54. Kb6 Qf2+ 55. Kc6 Qf4 56. Kb6 Qd6+ 57. Ka7 Qc5+ 58. Ka6 Qb4 0-1

[Event "Master op"]
[Site "Zurich SUI"]
[Date "2005.12.26"]
[Round "1"]
[White "Illi, Hans Joerg"]
[Black "Bluvshtein, Mark"]
[Result "0-1"]
[WhiteElo "2171"]
[BlackElo "2544"]
[PlyCount "112"]
[EventDate "2005.12.26"]
[EventType "swiss"]
[EventRounds "7"]
[EventCountry "SUI"]
[Source "Mark Crowther"]
[SourceDate "2006.01.23"]

1. d4 Nf6 2. Nf3 e6 3. Bg5 Be7 4. Nbd2 d5 5. e3 b6 6. Bd3 Bb7 7. O-O Nbd7 8. c3
Ne4 9. Bxe7 Qxe7 10. Qc2 f5 11. Bb5 c6 12. Be2 O-O 13. a4 a5 14. Nxe4 fxe4 15.
Ne1 e5 16. Qd2 Rf6 17. f4 exf3 18. Rxf3 Rh6 19. Nc2 Qd6 20. h3 e4 21. Rf4 Nf6
22. Raf1 Bc8 23. Qe1 g5 24. R4f2 g4 25. Rf4 gxh3 26. g4 Ra7 27. Qf2 Rg7 28. Kh1
Kf7 29. Qg3 Ke7 30. g5 Ne8 31. Rg1 h2 32. Rg2 Rh3 33. Qf2 Kd8 34. Rh4 Rf7 35.
Qxf7 Rxh4 36. Qf2 Rh3 37. Rxh2 Rxh2+ 38. Qxh2 Qe7 39. Qh6 Nd6 40. g6 hxg6 41.
Qxg6 Kc7 42. Qg3 Kb7 43. Kg1 Bd7 44. b4 axb4 45. cxb4 Nf5 46. Qf4 c5 47. bxc5
bxc5 48. Bb5 cxd4 49. Bxd7 Qxd7 50. Nxd4 Nxd4 51. exd4 Qg7+ 52. Kf1 Qxd4 53.
Qf7+ Kb6 54. Qe8 Qd3+ 55. Kf2 d4 56. Qd8+ Kc5 0-1

[Event "Master op"]
[Site "Zurich SUI"]
[Date "2005.12.29"]
[Round "5"]
[White "Troyke, Christian"]
[Black "Bluvshtein, Mark"]
[Result "1-0"]
[WhiteElo "2371"]
[BlackElo "2544"]
[PlyCount "63"]
[EventDate "2005.12.26"]
[EventType "swiss"]
[EventRounds "7"]
[EventCountry "SUI"]
[Source "Mark Crowther"]
[SourceDate "2006.01.23"]

1. g3 e5 2. c4 Nc6 3. Bg2 g6 4. Nc3 Bg7 5. d3 f5 6. e3 Nf6 7. Nge2 O-O 8. O-O
d6 9. Rb1 a5 10. b3 Be6 11. d4 Bf7 12. d5 Nb8 13. e4 fxe4 14. Nxe4 Nxe4 15.
Bxe4 Nd7 16. Bg2 Nc5 17. Be3 b6 18. Qd2 Be8 19. f4 Bd7 20. fxe5 Bxe5 21. Nd4
Qe7 22. Ne6 Bxe6 23. dxe6 Rxf1+ 24. Rxf1 Rf8 25. Bxc5 bxc5 26. Bd5 Bd4+ 27. Kg2
Rxf1 28. Kxf1 Qf6+ 29. Kg2 Kg7 30. Qe2 Be5 31. Qe1 Bc3 32. e7 1-0

[Event "Master op"]
[Site "Zurich SUI"]
[Date "2005.12.29"]
[Round "6"]
[White "Bluvshtein, Mark"]
[Black "Roschina, Tatiana"]
[Result "1-0"]
[WhiteElo "2544"]
[BlackElo "2260"]
[PlyCount "49"]
[EventDate "2005.12.26"]
[EventType "swiss"]
[EventRounds "7"]
[EventCountry "SUI"]
[Source "Mark Crowther"]
[SourceDate "2006.01.23"]

1. e4 c5 2. Nf3 d6 3. d4 cxd4 4. Nxd4 Nf6 5. Nc3 a6 6. Bg5 e6 7. f4 Qb6 8. Qd2
Qxb2 9. Nb3 Qa3 10. Bxf6 gxf6 11. Be2 h5 12. O-O Nc6 13. Nb1 Qb4 14. Qe3 f5 15.
exf5 Bg7 16. c3 Qa4 17. N1d2 Ne7 18. fxe6 fxe6 19. f5 Be5 20. Bc4 Nd5 21. Qg5
Bf6 22. Qg6+ Ke7 23. fxe6 Bxe6 24. Rxf6 Nxf6 25. Qg7+ 1-0

[Event "Zurich op"]
[Site "Zurich SUI"]
[Date "2005.12.27"]
[Round "2"]
[White "Bluvshtein, Mark"]
[Black "Wahedi, Ahmad"]
[Result "1-0"]
[WhiteElo "2544"]
[BlackElo "2275"]
[PlyCount "81"]
[EventDate "2005.12.26"]
[EventType "swiss"]
[EventRounds "7"]
[EventCountry "SUI"]

1. d4 d5 2. c4 c6 3. Nf3 Nf6 4. Nc3 dxc4 5. a4 Bf5 6. Ne5 Nbd7 7. Nxc4 Qc7 8.
g3 e5 9. dxe5 Nxe5 10. Bf4 Nfd7 11. Qd4 f6 12. Bg2 g5 13. Bxe5 fxe5 14. Qe3 Be6
15. Nd2 Qb6 16. Qd3 Nc5 17. Qc2 Be7 18. a5 Qc7 19. Nce4 Na6 20. O-O O-O-O 21.
Nf3 h6 22. Qc3 Rd5 23. Qe3 g4 24. Nh4 Bxh4 25. gxh4 Kb8 26. Nf6 Rxa5 27. Rxa5
Qxa5 28. Nd5 Re8 29. b4 Qd8 30. Qxe5+ Nc7 31. Nxc7 Qxc7 32. Qh5 Bf7 33. Qxg4
Rg8 34. Qf3 Qe7 35. Kh1 Ka8 36. Ra1 Qe5 37. Qa3 Qd4 38. e3 Qb6 39. Qa5 Kb8 40.
Qf5 Bc4 41. Qf4+ 1-0

[Event "Montreal int."]
[Site "Montreal CAN"]
[Date "2005.08.06"]
[Round "4"]
[White "Bluvshtein, Mark"]
[Black "Mikhalevski, Victor"]
[Result "1/2-1/2"]
[WhiteElo "2525"]
[BlackElo "2572"]
[PlyCount "132"]
[EventDate "2005.08.04"]
[EventType "tourn"]
[EventRounds "11"]
[EventCountry "CAN"]

1. d4 Nf6 2. c4 g6 3. Nc3 d5 4. Nf3 Bg7 5. e3 O-O 6. b4 Be6 7. Qb3 c6 8. cxd5
Nxd5 9. Bc4 a5 10. bxa5 Nxc3 11. Bxe6 Ne4 12. O-O Rxa5 13. Bc4 b5 14. Be2 Qd5
15. Ba3 Na6 16. Bxe7 Re8 17. Ba3 Ra8 18. Bd3 Nc7 19. Bxe4 Qxe4 20. Bb4 Ra4 21.
a3 Nd5 22. Rac1 R8a6 23. Bc5 Bf8 24. Nd2 Qe8 25. Nb1 Bxc5 26. Rxc5 Nb6 27. Rfc1
Nc4 28. d5 cxd5 29. Rxb5 Ra8 30. Rxd5 Nxa3 31. Nd2 Qe6 32. Qd3 Kg7 33. Rd7 Nc4
34. Qc3+ Kh6 35. Rd4 Nxd2 36. Qxd2 Rxd4 37. exd4+ Kg7 38. d5 Qd6 39. g3 Rd8 40.
Rd1 h5 41. h4 Rd7 42. Kg2 Rd8 43. Qd4+ Qf6 44. Qe4 Kg8 45. Qb4 Rd6 46. Qc5 Qe5
47. Qd4 Qf5 48. Rd2 Kh7 49. Kh2 Qg4 50. Qe5 Qd7 51. Rd4 Qd8 52. Qf4 Kg7 53. Qe4
Qd7 54. Qf3 Kg8 55. Rd2 Kh7 56. Qe4 Re6 57. Qf4 Rd6 58. Qe5 Qd8 59. f3 Qd7 60.
Kg2 Re6 61. Qd4 Rd6 62. g4 hxg4 63. fxg4 Ra6 64. Rf2 Ra4 65. Rxf7+ Qxf7 66.
Qxa4 Qxd5+ 1/2-1/2

[Event "Capablanca mem Premier I"]
[Site "Havana CUB"]
[Date "2004.05.06"]
[Round "1"]
[White "Bluvshtein, Mark"]
[Black "Perez, Rodney"]
[Result "1/2-1/2"]
[WhiteElo "2463"]
[BlackElo "2451"]
[PlyCount "63"]
[EventDate "2004.05.06"]
[EventType "tourn"]
[EventRounds "13"]
[EventCountry "CUB"]
[EventCategory "8"]
[Source "Mark Crowther"]
[SourceDate "2004.05.17"]

1. e4 e5 2. Nf3 Nf6 3. Nxe5 d6 4. Nf3 Nxe4 5. d4 d5 6. Bd3 Be7 7. O-O Bf5 8.
Re1 Nc6 9. c4 O-O 10. Nc3 Nxc3 11. bxc3 Bxd3 12. Qxd3 dxc4 13. Qxc4 Bd6 14. Qb5
Qf6 15. Rb1 Rab8 16. Bg5 Qg6 17. Bh4 a6 18. Qe2 Qh5 19. Qe4 f6 20. Qd3 Qg6 21.
Qd2 Na5 22. Bg3 Nc4 23. Qe2 Qf7 24. Qd3 Qd5 25. Re2 Rfe8 26. Rbe1 Rxe2 27. Rxe2
b5 28. Nd2 Nxd2 29. Qxd2 Kf8 30. Bxd6+ Qxd6 31. Qd3 h6 32. g3 1/2-1/2

[Event "Capablanca mem Premier I"]
[Site "Havana CUB"]
[Date "2004.05.07"]
[Round "2"]
[White "Slobodjan, Roman"]
[Black "Bluvshtein, Mark"]
[Result "1/2-1/2"]
[WhiteElo "2516"]
[BlackElo "2463"]
[PlyCount "112"]
[EventDate "2004.05.06"]
[EventType "tourn"]
[EventRounds "13"]
[EventCountry "CUB"]
[EventCategory "8"]
[Source "Mark Crowther"]
[SourceDate "2004.05.17"]

1. c4 e5 2. Nc3 Bb4 3. Nd5 Ba5 4. b4 c6 5. bxa5 cxd5 6. cxd5 Nf6 7. Qa4 Nxd5 8.
Qe4 Ne7 9. Qxe5 O-O 10. Bb2 f6 11. Qd6 Nbc6 12. e3 Kh8 13. Nf3 Nf5 14. Qf4 Nfe7
15. a6 b5 16. Bd3 d5 17. O-O Bxa6 18. Qh4 h6 19. a4 Qb6 20. Bd4 Nxd4 21. Qxd4
bxa4 22. Bxa6 Qxa6 23. Rxa4 Qd6 24. Qa1 a6 25. Rb1 Rfc8 26. Nd4 Kh7 27. h3 Kg8
28. Qa2 Kh7 29. g3 Qd7 30. Kg2 Nc6 31. Rb6 Kh8 32. Nxc6 Rxc6 33. Raxa6 Rxa6 34.
Qxa6 Rxb6 35. Qxb6 Qf5 36. Qd4 Qe6 37. Qg4 f5 38. Qf4 Kg8 39. d4 Kf7 40. g4 g6
41. Qxh6 Qe4+ 42. f3 Qc2+ 43. Kg3 Qb1 44. Qh7+ Kf8 45. Qh8+ Kf7 46. Kf4 Qg1 47.
Qh7+ Kf6 48. Qh8+ Kf7 49. Qh4 g5+ 50. Qxg5 Qh2+ 51. Kxf5 Qc2+ 52. e4 Qc8+ 53.
Ke5 Qc7+ 54. Kf5 Qc8+ 55. Ke5 Qc7+ 56. Kf5 Qc8+ 1/2-1/2

[Event "Capablanca mem Premier I"]
[Site "Havana CUB"]
[Date "2004.05.09"]
[Round "4"]
[White "Gomez, Felix"]
[Black "Bluvshtein, Mark"]
[Result "0-1"]
[WhiteElo "2398"]
[BlackElo "2463"]
[PlyCount "52"]
[EventDate "2004.05.06"]
[EventType "tourn"]
[EventRounds "13"]
[EventCountry "CUB"]
[EventCategory "8"]
[Source "Mark Crowther"]
[SourceDate "2004.05.17"]

1. d4 Nf6 2. Nf3 e6 3. e3 c5 4. Bd3 Nc6 5. c3 d5 6. Nbd2 Bd6 7. O-O O-O 8. dxc5
Bxc5 9. e4 h6 10. Qe2 Bb6 11. Bc2 Qc7 12. a4 a6 13. a5 Nxa5 14. e5 Nd7 15. Ra4
Nc6 16. Re1 f5 17. exf6 Nxf6 18. Nf1 e5 19. Ne3 e4 20. Nxd5 Nxd5 21. Qxe4 Nf6
22. Bb3+ Kh8 23. Qg6 Ne7 24. Nh4 Bxf2+ 25. Kxf2 Qb6+ 26. Kg3 Nh5+ 0-1

[Event "Capablanca mem Premier I"]
[Site "Havana CUB"]
[Date "2004.05.11"]
[Round "6"]
[White "Hernandez, Holden"]
[Black "Bluvshtein, Mark"]
[Result "1/2-1/2"]
[WhiteElo "2426"]
[BlackElo "2463"]
[PlyCount "121"]
[EventDate "2004.05.06"]
[EventType "tourn"]
[EventRounds "13"]
[EventCountry "CUB"]
[EventCategory "8"]
[Source "Mark Crowther"]
[SourceDate "2004.05.17"]

1. d4 Nf6 2. c4 e6 3. Nc3 Bb4 4. Qc2 O-O 5. a3 Bxc3+ 6. Qxc3 b6 7. Bg5 Ba6 8.
Qf3 Nc6 9. e3 h6 10. Bh4 Rc8 11. b4 Bb7 12. Bxf6 Qxf6 13. Qxf6 gxf6 14. Be2 a5
15. b5 Ne7 16. Nf3 c5 17. bxc6 Rxc6 18. Kd2 Ba6 19. Rhb1 Rfc8 20. Kd1 Bxc4 21.
Bxc4 Rxc4 22. Rxb6 Nd5 23. Rb2 f5 24. Ne5 R4c7 25. Kd2 f4 26. Nd3 fxe3+ 27.
fxe3 Nf6 28. Ne1 Rc3 29. Rc2 Ne4+ 30. Kc1 Nd6 31. Kd2 Rb3 32. Rxc8+ Nxc8 33.
Nd3 Nd6 34. Kc2 a4 35. Nc5 Rxe3 36. Nxa4 Nb5 37. Nb6 Nxa3+ 38. Kd2 Rb3 39. Nxd7
Nb5 40. Nf6+ Kg7 41. Nh5+ Kf8 42. Ra8+ Ke7 43. d5 exd5 44. Nf4 Nc7 45. Rc8 Kd6
46. Rd8+ Ke5 47. g3 Rb5 48. Rd7 Ne6 49. Rxf7 Nxf4 50. Rxf4 Rb2+ 51. Ke3 Rxh2
52. Rf8 Ra2 53. Re8+ Kf5 54. Rf8+ Kg6 55. Rg8+ Kf7 56. Rd8 Ra3+ 57. Kf4 Ra4+
58. Kf5 d4 59. Rd7+ Ke8 60. Rd6 h5 61. Ke5 1/2-1/2

[Event "Capablanca mem Premier I"]
[Site "Havana CUB"]
[Date "2004.05.12"]
[Round "7"]
[White "Bluvshtein, Mark"]
[Black "Vera, Reynaldo"]
[Result "1/2-1/2"]
[WhiteElo "2463"]
[BlackElo "2444"]
[PlyCount "102"]
[EventDate "2004.05.06"]
[EventType "tourn"]
[EventRounds "13"]
[EventCountry "CUB"]
[EventCategory "8"]
[Source "Mark Crowther"]
[SourceDate "2004.05.17"]

1. e4 c5 2. Nf3 d6 3. d4 cxd4 4. Nxd4 Nf6 5. Nc3 a6 6. Bg5 e6 7. f4 Nbd7 8. Qf3
Qc7 9. O-O-O b5 10. a3 Be7 11. Bd3 Bb7 12. Rhe1 Qb6 13. Nb3 Rc8 14. Qe2 Rxc3
15. bxc3 Qc7 16. Kd2 O-O 17. Ke3 h6 18. Bxf6 Bxf6 19. Kf2 Bxc3 20. Rf1 Bb2 21.
c4 Bxa3 22. cxb5 axb5 23. Bxb5 Nf6 24. Bd3 Qb6+ 25. Kg3 Bxe4 26. Bxe4 Qxb3+ 27.
Bd3 d5 28. Rf3 Qb8 29. Kh3 Bd6 30. g3 Qa7 31. Rff1 Qe7 32. Kg2 Rd8 33. Rc1 d4
34. Be4 Bb4 35. Rfd1 Bc3 36. Rb1 Qa3 37. Rb7 Qa4 38. Bf3 Qa5 39. Qc4 Nd5 40.
Bxd5 Qxd5+ 41. Qxd5 Rxd5 42. Kf3 g5 43. h4 gxf4 44. gxf4 Kg7 45. Ke4 Kf6 46.
Rd3 Rh5 47. Rh3 Be1 48. Rb1 Rxh4 49. Rxh4 Bxh4 50. Rh1 Bf2 51. Rxh6+ Ke7
1/2-1/2

[Event "Capablanca mem Premier I"]
[Site "Havana CUB"]
[Date "2004.05.15"]
[Round "9"]
[White "Bluvshtein, Mark"]
[Black "Gongora, Maikel"]
[Result "0-1"]
[WhiteElo "2463"]
[BlackElo "2422"]
[PlyCount "56"]
[EventDate "2004.05.06"]
[EventType "tourn"]
[EventRounds "13"]
[EventCountry "CUB"]
[EventCategory "8"]
[Source "Mark Crowther"]
[SourceDate "2004.05.17"]

1. e4 c5 2. Nf3 Nc6 3. d4 cxd4 4. Nxd4 Nf6 5. Nc3 e5 6. Ndb5 d6 7. Bg5 a6 8.
Na3 b5 9. Bxf6 gxf6 10. Nd5 f5 11. Bd3 Be6 12. Qh5 Rg8 13. c3 Rxg2 14. Qf3 Rg4
15. exf5 Bxd5 16. Qxd5 Ne7 17. Qb7 Qc8 18. Qb6 Nd5 19. Qa5 Nf4 20. Bf1 Qxf5 21.
f3 Ng2+ 22. Kf2 e4 23. Bxb5+ Ke7 24. Qc7+ Kf6 25. Be2 Nf4 26. fxe4 Nd3+ 27. Ke3
Bh6+ 28. Kd4 Qe5+ 0-1

[Event "Capablanca mem Premier I"]
[Site "Havana CUB"]
[Date "2004.05.16"]
[Round "10"]
[White "Bluvshtein, Mark"]
[Black "Gonzalez Garcia, Jose"]
[Result "1/2-1/2"]
[WhiteElo "2463"]
[BlackElo "2443"]
[PlyCount "73"]
[EventDate "2004.05.06"]
[EventType "tourn"]
[EventRounds "13"]
[EventCountry "CUB"]
[EventCategory "8"]
[Source "Mark Crowther"]
[SourceDate "2004.05.24"]

1. e4 e6 2. d4 d5 3. Nc3 Nf6 4. Bg5 dxe4 5. Nxe4 Nbd7 6. Nf3 h6 7. Nxf6+ Nxf6
8. Bh4 c5 9. Bb5+ Bd7 10. Bxd7+ Qxd7 11. Qe2 cxd4 12. O-O-O Bc5 13. Nxd4 Bxd4
14. Bxf6 gxf6 15. c3 Rc8 16. Kb1 Qc6 17. Rxd4 Ke7 18. Rhd1 Rhd8 19. Qd2 Rxd4
20. Qxd4 a5 21. f3 Qc7 22. Kc2 Rg8 23. Rd2 Rg5 24. Qe3 h5 25. h4 Rc5 26. Rd4 b5
27. a3 Re5 28. Qd2 Qc6 29. Kb1 Rf5 30. Rd8 Re5 31. Rd3 Rf5 32. Qe3 Rd5 33. Qe4
f5 34. Qe3 Rxd3 35. Qxd3 Qc5 36. Qd2 Qc4 37. Qg5+ 1/2-1/2

[Event "Capablanca mem Premier I"]
[Site "Havana CUB"]
[Date "2004.05.17"]
[Round "11"]
[White "Otero, Diasmany"]
[Black "Bluvshtein, Mark"]
[Result "1-0"]
[WhiteElo "2399"]
[BlackElo "2463"]
[PlyCount "89"]
[EventDate "2004.05.06"]
[EventType "tourn"]
[EventRounds "13"]
[EventCountry "CUB"]
[EventCategory "8"]
[Source "Mark Crowther"]
[SourceDate "2004.05.24"]

1. d4 Nf6 2. c4 e6 3. Nc3 Bb4 4. a3 Bxc3+ 5. bxc3 c5 6. f3 d5 7. e3 Nc6 8. cxd5
Nxd5 9. Bd2 Nde7 10. f4 O-O 11. Nf3 b6 12. Bd3 a5 13. O-O h6 14. Qe2 Qd6 15.
Ne5 Nb8 16. Nc4 Qc7 17. e4 Ba6 18. f5 b5 19. Ne5 exf5 20. exf5 f6 21. Ng4 Kh7
22. Bf4 Qd7 23. dxc5 Nbc6 24. Rad1 Qd5 25. Bd6 Rfe8 26. Rfe1 Qb3 27. Qc2 Qxc2
28. Bxc2 b4 29. axb4 axb4 30. Bxe7 Rxe7 31. Rxe7 Nxe7 32. cxb4 Nc6 33. Rd7 Bc8
34. Rc7 Nxb4 35. Be4 Ra1+ 36. Kf2 Ba6 37. Nxf6+ Kh8 38. Nh5 Bd3 39. Bxd3 Nxd3+
40. Ke3 Nb4 41. Rd7 Re1+ 42. Kf2 Re5 43. g4 Rxc5 44. f6 Rc2+ 45. Ke1 1-0

[Event "Aeroflot op"]
[Site "Moscow RUS"]
[Date "2004.02.17"]
[Round "1"]
[White "Bluvshtein, Mark"]
[Black "Belov, Vladimir"]
[Result "1-0"]
[WhiteElo "2453"]
[BlackElo "2560"]
[PlyCount "57"]
[EventDate "2004.??.??"]
[EventType "swiss"]
[EventRounds "9"]
[EventCountry "RUS"]
[Source "Mark Crowther"]
[SourceDate "2004.03.01"]

1. e4 c5 2. Nf3 d6 3. d4 cxd4 4. Nxd4 Nf6 5. Nc3 a6 6. Bg5 e6 7. f4 Qb6 8. Nb3
Be7 9. Qf3 Nbd7 10. Bd3 h6 11. Bh4 Nxe4 12. Bxe7 Nxc3 13. bxc3 Kxe7 14. O-O-O
Rd8 15. g4 Qc7 16. c4 Nc5 17. f5 Nxb3+ 18. axb3 Qc5 19. Rde1 a5 20. fxe6 f6 21.
g5 Rf8 22. gxh6 Qg5+ 23. Kb1 Qxh6 24. c5 Rd8 25. Rhg1 g5 26. h4 gxh4 27. Rg6
Qh8 28. Qg4 dxc5 29. Rg7+ 1-0

[Event "Aeroflot op"]
[Site "Moscow RUS"]
[Date "2004.02.21"]
[Round "5"]
[White "Stefansson, Hannes"]
[Black "Bluvshtein, Mark"]
[Result "1/2-1/2"]
[WhiteElo "2572"]
[BlackElo "2453"]
[PlyCount "74"]
[EventDate "2004.??.??"]
[EventType "swiss"]
[EventRounds "9"]
[EventCountry "RUS"]
[Source "ChessBase"]
[SourceDate "2004.11.15"]

1. d4 Nf6 2. c4 e6 3. Nc3 Bb4 4. Qc2 O-O 5. a3 Bxc3+ 6. Qxc3 b6 7. Bg5 h6 8.
Bh4 Ba6 9. e3 d6 10. Nf3 Nbd7 11. Nd2 c5 12. dxc5 Nxc5 13. Bxf6 Qxf6 14. Qxf6
gxf6 15. b4 Na4 16. g4 Rac8 17. Ne4 Rfd8 18. Rd1 Kf8 19. Nxd6 Rc7 20. Rd2 Ke7
21. Ne4 Bb7 22. f3 Bxe4 23. fxe4 Rcd7 24. Rxd7+ Rxd7 25. Be2 Nc3 26. Rf1 a5 27.
Rf2 e5 28. h4 Nxe4 29. Rg2 Nc3 30. g5 hxg5 31. hxg5 axb4 32. axb4 Ra7 33. gxf6+
Kxf6 34. Bd3 Ra1+ 35. Kd2 Ra2+ 36. Bc2 Nb1+ 37. Kd3 Na3 1/2-1/2

[Event "Aeroflot op"]
[Site "Moscow RUS"]
[Date "2004.02.22"]
[Round "6"]
[White "Aronian, Levon"]
[Black "Bluvshtein, Mark"]
[Result "1-0"]
[WhiteElo "2648"]
[BlackElo "2453"]
[PlyCount "115"]
[EventDate "2004.??.??"]
[EventType "swiss"]
[EventRounds "9"]
[EventCountry "RUS"]
[Source "ChessBase"]
[SourceDate "2004.11.15"]

1. d4 Nf6 2. c4 e6 3. Nc3 Bb4 4. Qc2 O-O 5. e4 c5 6. a3 Bxc3+ 7. bxc3 d5 8. e5
Ne4 9. Bd3 cxd4 10. cxd4 f6 11. exf6 Qa5+ 12. Kf1 Rxf6 13. Bxe4 dxe4 14. Ne2
Bd7 15. Be3 Bc6 16. h4 Nd7 17. Kg1 Rc8 18. Ng3 Rff8 19. h5 h6 20. Qb2 Nf6 21.
Rh4 Qd8 22. a4 Ne8 23. Rf4 Nd6 24. Qe2 Qd7 25. Rg4 Kh7 26. a5 b5 27. axb6 axb6
28. c5 bxc5 29. dxc5 Nb5 30. Rc1 Qd3 31. Qb2 Rc7 32. Qe5 Re7 33. Rg6 Qd5 34.
Qxd5 Bxd5 35. Rg4 Na3 36. Nxe4 Nc4 37. Bd4 e5 38. Bc3 Rc7 39. Rd1 Be6 40. Rh4
Rff7 41. Bb4 Rf8 42. Be1 Rfc8 43. g4 Nb2 44. Rd6 Rc6 45. g5 Kg8 46. g6 Kf8 47.
Bc3 Nc4 48. Rd3 Ke8 49. Rd1 Rd8 50. Rxd8+ Kxd8 51. f4 Bd5 52. fxe5 Kd7 53. Nf6+
gxf6 54. exf6 Nd6 55. cxd6 Rxc3 56. Rf4 Bf7 57. gxf7 Rc8 58. Re4 1-0

[Event "Aeroflot op"]
[Site "Moscow RUS"]
[Date "2004.02.23"]
[Round "7"]
[White "Bluvshtein, Mark"]
[Black "Potkin, Vladimir"]
[Result "0-1"]
[WhiteElo "2453"]
[BlackElo "2533"]
[PlyCount "88"]
[EventDate "2004.??.??"]
[EventType "swiss"]
[EventRounds "9"]
[EventCountry "RUS"]
[Source "ChessBase"]
[SourceDate "2004.11.15"]

1. e4 c5 2. Nf3 e6 3. d4 cxd4 4. Nxd4 Nc6 5. Nc3 Qc7 6. Be3 Nf6 7. Qd2 Nxd4 8.
Qxd4 Ng4 9. O-O-O Nxe3 10. fxe3 a6 11. Be2 f6 12. Bh5+ Kd8 13. Bf3 Bc5 14. Qd3
Qe5 15. g4 b5 16. h4 Ra7 17. Ne2 Rc7 18. Nf4 Bb7 19. Qb3 Kc8 20. Kb1 Bxe4 21.
Nd3 Bxd3 22. Rxd3 Kd8 23. c4 bxc4 24. Qxc4 Ke7 25. Qf4 Bd6 26. Qxe5 Bxe5 27.
Rc1 Rxc1+ 28. Kxc1 Rc8+ 29. Kb1 Rb8 30. b3 d5 31. Rd2 a5 32. Kc2 g6 33. Kd3 f5
34. h5 Rc8 35. hxg6 hxg6 36. gxf5 gxf5 37. Ke2 Kd6 38. Kd3 Rc1 39. Rc2 Ra1 40.
Rd2 Bf6 41. Ke2 Bg5 42. Rc2 e5 43. Bh5 e4 44. Bf7 Rh1 0-1

[Event "Aeroflot op"]
[Site "Moscow RUS"]
[Date "2004.02.24"]
[Round "8"]
[White "Novikov, Stanislav"]
[Black "Bluvshtein, Mark"]
[Result "0-1"]
[WhiteElo "2515"]
[BlackElo "2453"]
[PlyCount "158"]
[EventDate "2004.??.??"]
[EventType "swiss"]
[EventRounds "9"]
[EventCountry "RUS"]
[Source "ChessBase"]
[SourceDate "2004.11.15"]

1. Nf3 Nf6 2. g3 b6 3. Bg2 Bb7 4. O-O e6 5. c4 Be7 6. Nc3 O-O 7. b3 d5 8. e3 c5
9. Bb2 Nbd7 10. Qe2 Ne4 11. d3 Nxc3 12. Bxc3 Bf6 13. Bxf6 Nxf6 14. Ne5 Nd7 15.
Nf3 Nf6 16. Rfd1 Qe7 17. Ne5 Rfd8 18. Rac1 Rac8 19. d4 cxd4 20. Rxd4 Qc7 21. f4
Ba6 22. Rcd1 dxc4 23. bxc4 Rxd4 24. Rxd4 Bb7 25. Bxb7 Qxb7 26. g4 h6 27. h4 Ne8
28. g5 f6 29. Ng4 hxg5 30. fxg5 fxg5 31. Ne5 Qc7 32. Qh2 Qe7 33. Rg4 Rd8 34.
Qe2 Qa3 35. Nf3 Rd3 36. Re4 g4 37. Ne1 Rd6 38. Rxg4 Qc1 39. Rd4 e5 40. Rd5 Rxd5
41. cxd5 Nf6 42. e4 Qb1 43. Kg2 Qxe4+ 44. Qxe4 Nxe4 45. Nd3 Nf6 46. Nxe5 Nxd5
47. Kf3 Kh7 48. a3 Kh6 49. Ke4 Ne7 50. Nf3 Kh5 51. Ke5 Kg4 52. Nd4 Ng6+ 53. Kd6
Nxh4 54. Kc6 Nf3 55. Ne6 g6 56. Kb7 Kf5 57. Ng7+ Kf6 58. Ne8+ Ke7 59. Nc7 Kd6
60. Ne8+ Ke7 61. Nc7 Kd6 62. Ne8+ Kc5 63. Kxa7 g5 64. Nf6 Kc6 65. Ng4 b5 66.
Ka6 Kc5 67. Nf6 Kc4 68. Ng4 Nd4 69. Ka5 Kb3 70. Kb6 Ka4 71. Kc5 Nc2 72. Nf6
Nxa3 73. Nd5 g4 74. Kd4 b4 75. Ke4 b3 76. Nc3+ Kb4 77. Nd1 Nc4 78. Kf4 Ne5 79.
Ke3 Ka3 0-1

[Event "Aeroflot op"]
[Site "Moscow RUS"]
[Date "2004.02.25"]
[Round "9"]
[White "Bluvshtein, Mark"]
[Black "Kempinski, Robert"]
[Result "0-1"]
[WhiteElo "2453"]
[BlackElo "2577"]
[PlyCount "78"]
[EventDate "2004.??.??"]
[EventType "swiss"]
[EventRounds "9"]
[EventCountry "RUS"]
[Source "ChessBase"]
[SourceDate "2004.11.15"]

1. e4 c5 2. Nf3 d6 3. d4 cxd4 4. Nxd4 Nf6 5. Nc3 a6 6. Bg5 e6 7. f4 Be7 8. Qf3
Qc7 9. O-O-O Nbd7 10. g4 h6 11. Bxf6 Bxf6 12. h4 Qb6 13. Nde2 Be7 14. g5 hxg5
15. hxg5 Rxh1 16. Qxh1 Nf8 17. Kb1 Bd7 18. Qh4 Rc8 19. Bh3 Qc5 20. Nc1 b5 21.
Nb3 Qe3 22. Re1 Ng6 23. Rxe3 Nxh4 24. Ne2 e5 25. Rg3 Bxh3 26. Rxh3 Ng6 27. f5
Nf4 28. Nxf4 exf4 29. g6 fxg6 30. fxg6 Kd7 31. Nd4 Bf6 32. c3 Re8 33. Kc2 Rxe4
34. Kd3 d5 35. a3 Bxd4 36. cxd4 Ke6 37. Rh5 f3 38. Rh2 Kf5 39. Rh8 Kg4 0-1

[Event "FSGM 2003.11"]
[Site "Budapest HUN"]
[Date "2003.11.01"]
[Round "1"]
[White "Bluvshtein, Mark"]
[Black "Seres, Lajos"]
[Result "1/2-1/2"]
[WhiteElo "2463"]
[BlackElo "2510"]
[PlyCount "59"]
[EventDate "2003.11.01"]
[EventType "tourn"]
[EventRounds "13"]
[EventCountry "HUN"]
[EventCategory "8"]
[Source "Mark Crowther"]
[SourceDate "2003.11.03"]

1. e4 c5 2. Nf3 d6 3. d4 cxd4 4. Nxd4 Nf6 5. Nc3 a6 6. Bg5 e6 7. f4 Qb6 8. Nb3
Nbd7 9. Qf3 Be7 10. O-O-O Qc7 11. Bd3 b5 12. a3 Bb7 13. Rhe1 Nc5 14. Kb1 Nxd3
15. Rxd3 Rc8 16. Qh3 e5 17. Re2 h6 18. fxe5 dxe5 19. Bxf6 Bxf6 20. Nc5 Rd8 21.
Nxb7 Qxb7 22. Nd5 Rd6 23. Rf2 Bd8 24. Qg3 O-O 25. Qxe5 Re6 26. Qd4 Bc7 27. Nxc7
Qxc7 28. g3 Qe7 29. Rf4 Re8 30. h4 1/2-1/2